[Event "Madrid Chamartin op 6th"]
[Site "Madrid"]
[Date "2017.09.09"]
[Round "8"]
[White "Ochoa Gonzalez, Hugo"]
[Black "Castro Contreras, Bruno"]
[Result "0-1"]
[WhiteElo "1556"]
[BlackElo "1378"]
[PlyCount "119"]
[EventDate "2017.09.04"]
[EventType "swiss"]
[EventRounds "9"]
[EventCountry "ESP"]
[SourceTitle "CBM 180 Extra"]
[Source "ChessBase"]
[SourceDate "2017.10.06"]
[SourceVersion "1"]
[SourceVersionDate "2017.10.06"]
[SourceQuality "1"]

1. e4 e5 2. Nf3 Nc6 3. Bb5 a6 4. Ba4 Nf6 5. 0-0 b5 6. Bb3 d6 7. c3 Na5 8. Bc2 c5 9. b3 Bg4 10. d4 Nc6 11. d5 Ne7 12. Re1 Ng6 13. h3 Bd7 14. Nbd2 Be7 15. Nf1 0-0 16. Ng3 Re8 17. Nh2 h6 18. Ne2 Nh7 19. f4 exf4 20. Nxf4 Bf6 21. Qf3 Be5 22. Nxg6 fxg6 23. Rb1 Rf8 24. Qd3 Qf6 25. Nf3 Bxc3 26. e5 Bxe5 27. Qxg6 Qxg6 28. Bxg6 Bf6 29. Bf4 Bd4+ 30. Nxd4 Rxf4 31. Ne6 Rf6 32. Bxh7+ Kxh7 33. Rf1 Bxe6 34. Rxf6 gxf6 35. dxe6 Re8 36. Re1 Kg7 37. g4 Kg6 38. h4 f5 39. e7 Kf6 40. Rf1 Rxe7 41. Rxf5+ Kg7 42. Kf2 Rf7 43. Ke3 Rxf5 44. gxf5 Kf6 45. Ke4 c4 46. bxc4 bxc4 47. Kd4 Kxf5 48. Kxc4 Ke4 49. Kc3 d5 50. Kd2 Kd4 51. Kc2 Ke3 52. h5 a5 53. Kd1 Kd3 54. a3 a4 55. Kc1 Ke2 56. Kb2 d4 57. Kc2 d3+ 58. Kc3 d2 59. Kb4 d1Q 60. Ka5 0-1